<?xml version="1.0" encoding="UTF-8"?><?xml-stylesheet type="text/xsl" href="static/style.xsl"?><OAI-PMH xmlns="http://www.openarchives.org/OAI/2.0/" xmlns:xsi="http://www.w3.org/2001/XMLSchema-instance" xsi:schemaLocation="http://www.openarchives.org/OAI/2.0/ http://www.openarchives.org/OAI/2.0/OAI-PMH.xsd"><responseDate>2026-04-17T16:04:35Z</responseDate><request verb="GetRecord" identifier="oai:www.recercat.cat:10459.1/468842" metadataPrefix="marc">https://recercat.cat/oai/request</request><GetRecord><record><header><identifier>oai:recercat.cat:10459.1/468842</identifier><datestamp>2025-10-20T18:27:01Z</datestamp><setSpec>com_2072_3622</setSpec><setSpec>col_2072_479130</setSpec></header><metadata><record xmlns="http://www.loc.gov/MARC21/slim" xmlns:dcterms="http://purl.org/dc/terms/" xmlns:xsi="http://www.w3.org/2001/XMLSchema-instance" xmlns:doc="http://www.lyncode.com/xoai" xsi:schemaLocation="http://www.loc.gov/MARC21/slim http://www.loc.gov/standards/marcxml/schema/MARC21slim.xsd">
   <leader>00925njm 22002777a 4500</leader>
   <datafield ind2=" " ind1=" " tag="042">
      <subfield code="a">dc</subfield>
   </datafield>
   <datafield ind2=" " ind1=" " tag="720">
      <subfield code="a">Guillén, Núria</subfield>
      <subfield code="e">author</subfield>
   </datafield>
   <datafield ind2=" " ind1=" " tag="720">
      <subfield code="a">Contador, José</subfield>
      <subfield code="e">author</subfield>
   </datafield>
   <datafield ind2=" " ind1=" " tag="720">
      <subfield code="a">Buongiorno, Mariateresa</subfield>
      <subfield code="e">author</subfield>
   </datafield>
   <datafield ind2=" " ind1=" " tag="720">
      <subfield code="a">Álvarez, Ignacio</subfield>
      <subfield code="e">author</subfield>
   </datafield>
   <datafield ind2=" " ind1=" " tag="720">
      <subfield code="a">Culell, Natalia</subfield>
      <subfield code="e">author</subfield>
   </datafield>
   <datafield ind2=" " ind1=" " tag="720">
      <subfield code="a">Alcolea, Daniel</subfield>
      <subfield code="e">author</subfield>
   </datafield>
   <datafield ind2=" " ind1=" " tag="720">
      <subfield code="a">Lleó, Alberto</subfield>
      <subfield code="e">author</subfield>
   </datafield>
   <datafield ind2=" " ind1=" " tag="720">
      <subfield code="a">Fortea, Juan</subfield>
      <subfield code="e">author</subfield>
   </datafield>
   <datafield ind2=" " ind1=" " tag="720">
      <subfield code="a">Piñol Ripoll, Gerard</subfield>
      <subfield code="e">author</subfield>
   </datafield>
   <datafield ind2=" " ind1=" " tag="720">
      <subfield code="a">Carnes Vendrell, Anna</subfield>
      <subfield code="e">author</subfield>
   </datafield>
   <datafield ind2=" " ind1=" " tag="720">
      <subfield code="a">Lourdes Ispierto, María</subfield>
      <subfield code="e">author</subfield>
   </datafield>
   <datafield ind2=" " ind1=" " tag="720">
      <subfield code="a">Vilas, Dolores</subfield>
      <subfield code="e">author</subfield>
   </datafield>
   <datafield ind2=" " ind1=" " tag="720">
      <subfield code="a">Puig Pijoan, Albert</subfield>
      <subfield code="e">author</subfield>
   </datafield>
   <datafield ind2=" " ind1=" " tag="720">
      <subfield code="a">Fernández Lebrero, Aida</subfield>
      <subfield code="e">author</subfield>
   </datafield>
   <datafield ind2=" " ind1=" " tag="720">
      <subfield code="a">Balasa, Mircea</subfield>
      <subfield code="e">author</subfield>
   </datafield>
   <datafield ind2=" " ind1=" " tag="720">
      <subfield code="a">Sánchez Valle, Raquel</subfield>
      <subfield code="e">author</subfield>
   </datafield>
   <datafield ind2=" " ind1=" " tag="720">
      <subfield code="a">Lladó, Albert</subfield>
      <subfield code="e">author</subfield>
   </datafield>
   <datafield ind2=" " ind1=" " tag="260">
      <subfield code="c">2025-01</subfield>
   </datafield>
   <datafield ind2=" " ind1=" " tag="520">
      <subfield code="a">Core Alzheimer's disease (AD) cerebrospinal fluid (CSF) biomarkers have shown incomplete agreement with amyloid-positron emission tomography (PET). Our goal was to analyze the agreement between AD CSF biomarkers and amyloid-PET in a multicenter study. Retrospective multicenter study (5 centers). Participants who underwent both CSF biomarkers and amyloid-PET scan within 18 months were included. Clinical diagnoses were made according to latest diagnostic criteria by the attending clinicians. CSF Amyloid Beta (Aβ, A), phosphorliated tau 181 (pTau181, T) and total tau (tTau, N) biomarkers were considered normal (-) or abnormal ( +) according to cutoffs of each center. Amyloid-PET was visually classified as positive/negative. Agreement between CSF biomarkers and amyloid-PET was analyzed by overall percent agreement (OPA). 236 participants were included (mean age 67.9 years (SD 9.1), MMSE score 24.5 (SD 4.1)). Diagnoses were mild cognitive impairment or dementia due to AD (49%), Lewy body dementia (22%), frontotemporal dementia (10%) and others (19%). Mean time between tests was 5.1 months (SD 4.1). OPA between single CSF biomarkers and amyloid-PET was 74% for , 75% for pTau181, 73% for tTau. The use of biomarker ratios improved OPA: 87% for Aβ/Aβ (n = 155), 88% for pTau181/Aβ (n = 94) and 82% for tTau/Aβ (n = 160). A + T + N + cases showed the highest agreement between CSF biomarkers and amyloid-PET (96%), followed by A-T-N- cases (89%). Aβ/Aβ was a better marker of cerebral amyloid deposition, as identified by amyloid tracers, than Aβ alone. Combined biomarkers in CSF predicted amyloid-PET result better than single biomarkers.</subfield>
   </datafield>
   <datafield ind2=" " ind1=" " tag="520">
      <subfield code="a">Open Access funding provided thanks to the CRUE-CSIC agreement with Springer Nature. Instituto de Salud Carlos III, PI19/00449, Albert Lladó, FI20/00076, Núria Guillén Soley, PI18/00435, Daniel Alcolea,INT19/00016, Daniel Alcolea, PI17/01896,Alberto Lleó, AC19/00103, Alberto Lleó, PI14/01126, Juan Fortea,PI17/01019, Juan Fortea, PI20/01473, Juan Fortea,Departament de Salut,Generalitat de Catalunya, PERIS 2016-2020 SLT008/18/00061, Albert Lladó, PERIS 2019 SLT008/18/00050, Gerard Piñol-Ripoll, SLT006/17/125, Daniel Alcolea, PERIS SLT002/16/408, Alberto Lleó,AGAUR,Alberto Lleó,SLT006/17/119, Juan Fortea,Diputació de Lleida, PIRS2021, Gerard Piñol-Ripoll,Centro de Investigación Biomédica en Red sobre Enfermedades Neurodegenerativas, Program 1, Alberto Lleó,Alzheimer Disease,Alberto Lleó,Fundació la Marató de TV3, 20142610,Alberto Lleó, 20141210,Juan Fortea,Fundación BBVA,Foundation for the National Institutes of Health,1R01AG056850-01A1, Juan Fortea, R21AG056974,Juan Fortea,R01AG061566, Juan Fortea, Fundació Docència i Recerca Mútua de Terrassa, 2022, Mariateresa Buongiorno</subfield>
   </datafield>
   <datafield ind1="8" ind2=" " tag="024">
      <subfield code="a">http://hdl.handle.net/10459.1/468842</subfield>
   </datafield>
   <datafield tag="653" ind2=" " ind1=" ">
      <subfield code="a">Alzheimer’s disease</subfield>
   </datafield>
   <datafield tag="653" ind2=" " ind1=" ">
      <subfield code="a">Amyloid-PET</subfield>
   </datafield>
   <datafield tag="653" ind2=" " ind1=" ">
      <subfield code="a">Biomarkers</subfield>
   </datafield>
   <datafield tag="653" ind2=" " ind1=" ">
      <subfield code="a">CSF</subfield>
   </datafield>
   <datafield ind2="0" ind1="0" tag="245">
      <subfield code="a">Agreement of cerebrospinal fluid biomarkers and amyloid-PET in a multicenter study</subfield>
   </datafield>
</record></metadata></record></GetRecord></OAI-PMH>